000 00667nam a2200217 i 4500
001 12107
003 ES-MaACL
005 20231226133726.0
007 t|
008 970410s1990 sp ||||1| spa d
020 _a84-7232-556-3
080 _a791.43(8=6)
100 1 _aMahieu, José Agustín.
_975533
245 1 0 _aPanorama del cine iberoamericano /
_cJose Agustín Mahieu ; prólogo de Luis García Berlanga.
260 _aMadrid :
_bCultura Hispánica,
_c1990.
300 _a216 p. ;
_c24 cm.
650 1 4 _aCine-
_zAmérica Latina.
_911013
700 1 _aGarcía Berlanga, Luis,
_d1921-2010
_9171047
852 _aES-MaACL
_jL-19438
999 _c12107
_d12107